| Tag |
First Indicator |
Second Indicator |
Subfields |
| LEADER |
00000cam a2200000Ii 4500 |
| 001 |
in00004350053 |
| 008 |
200518t20202020txua b 000 edeng d |
| 005 |
20250318223751.4 |
| 020 |
|
|
|a 9783775747509
|
| 020 |
|
|
|a 9781792327315
|q (Marfa Books ;
|q paperback)
|
| 020 |
|
|
|a 1792327315
|q (Marfa Books ;
|q paperback)
|
| 020 |
|
|
|a 3775747508
|q (Hatje Cantz ;
|q paperback)
|
| 024 |
3 |
|
|a 9781792327315
|
| 024 |
3 |
|
|a 9783775747509
|
| 035 |
|
|
|a (OCoLC)on1154660169
|
| 035 |
|
|
|a (OCoLC)1154660169
|
| 040 |
|
|
|a OHX
|b eng
|e rda
|c OHX
|d BDX
|d JPG
|d OCLCF
|d UAB
|d YDXIT
|
| 050 |
|
4 |
|a N6537.J83
|b S55 2020
|
| 072 |
|
7 |
|a N
|2 lcco
|
| 082 |
0 |
4 |
|a 709.2
|2 23
|
| 100 |
1 |
|
|a Shiff, Richard,
|e author.
|
| 240 |
1 |
0 |
|a Essays.
|k Selections
|
| 245 |
1 |
0 |
|a Sensuous thoughts :
|b essays on the work of Donald Judd /
|c Richard Shiff ; editors: Tim Johnson and Caitlin Murray.
|
| 264 |
|
1 |
|a Marfa, Texas :
|b Marfa Books ;
|a Berlin, Germany :
|b Hatje Cantz,
|c [2020]
|
| 264 |
|
4 |
|c ©2020
|
| 300 |
|
|
|a 295 pages :
|b illustrations (some color) ;
|c 21 cm
|
| 336 |
|
|
|a text
|b txt
|2 rdacontent
|
| 336 |
|
|
|a still image
|b sti
|2 rdacontent
|
| 337 |
|
|
|a unmediated
|b n
|2 rdamedia
|
| 338 |
|
|
|a volume
|b nc
|2 rdacarrier
|
| 504 |
|
|
|a Includes bibliographical references.
|
| 600 |
1 |
0 |
|a Judd, Donald,
|d 1928-1994
|x Criticism and interpretation.
|
| 600 |
1 |
7 |
|a Judd, Donald,
|d 1928-1994.
|2 fast
|0 (OCoLC)fst00261083
|
| 655 |
|
7 |
|a Criticism, interpretation, etc.
|2 fast
|0 (OCoLC)fst01411635
|
| 700 |
1 |
2 |
|a Judd, Donald,
|d 1928-1994.
|t Works.
|k Selections.
|
| 700 |
1 |
|
|a Johnson, Tim,
|d 1947-
|e editor.
|
| 700 |
1 |
|
|a Murray, Caitlin,
|d 1984-
|e editor.
|
| 852 |
8 |
|
|b pda,print
|z This title is available for the library to purchase for your use. Click the "Purchase It For Me" button to place a request. This item may take 5-10 business days to arrive.
|
| 955 |
|
|
|a Print PDA title
|
| 961 |
|
|
|m 565730
|
| 999 |
f |
f |
|s fadf17aa-6964-4919-a8f2-f55f759b1b24
|i 8948fcb8-91be-3319-8e68-039b9ace74ba
|t 0
|
| 952 |
f |
f |
|a Texas A&M University
|b College Station
|c Sterling C. Evans Library
|d Purchase on Demand
|t 0
|e N6537.J83 S55 2020
|h Library of Congress classification
|
| 998 |
f |
f |
|a N6537.J83 S55 2020
|t 0
|l Purchase on Demand
|